| 000 | 00613nam a2200205Ia 4500 | ||
|---|---|---|---|
| 001 | 10914 | ||
| 003 | GE_BSU | ||
| 008 | 181216s||||||||xx |||||||||||||| ||und|| | ||
| 040 | _cGE_BSU | ||
| 080 | _a031(=161.1) | ||
| 245 | _aЭнциклопедический словарь | ||
| 245 | _bТ.3а=:Бергер-Бисы. | ||
| 260 | _aС.-Петербургь | ||
| 260 | _bТипо-Литография | ||
| 260 | _c1892. | ||
| 300 | _a952стр,илл,24см. | ||
| 520 | _aИзд: Ф.А.Брокгаузь,И.А.Ефронь. | ||
| 653 | _aЭнциклопедический словарь | ||
| 942 | _cBK | ||
| 999 |
_c44156 _d44156 |
||